| 000 | 01145nam0a22002771 4500 | ||
|---|---|---|---|
| 001 | rc\3800016 | ||
| 005 | 20120311164332.1 | ||
| 035 | _a(NLR Aleph) 007246491 | ||
| 090 |
_a5159403 _c5159403 |
||
| 100 | _a20120311d1975 |||y0rusy50 ca | ||
| 101 | 0 | _arus | |
| 102 | _aRU | ||
| 105 | _aa z ||||| | ||
| 200 | 1 |
_aИспания _e[Организация системы образования] _fМ-во высш. и сред. спец. образ. СССР. НИИ проблем высш. школы. Отд. науч. информации |
|
| 210 |
_aМосква _cБ. и. _d1975 |
||
| 215 |
_a90 с., 1 отд. л. табл. _d20 |
||
| 225 | 1 |
_aОбзорная информация _iСерия: Система образования в зарубежных странах |
|
| 300 | _aНа обороте тит. л.: подгот. к. филол. н. С.И. Змеев | ||
| 320 | _aБиблиогр.: с. 85-89 | ||
| 333 | _aДСП. Экз. № 34 | ||
| 700 | 1 |
_aЗмеев _bС. И. _gСергей Иванович |
|
| 801 | 0 |
_aRU _bNLR _gpsbo |
|
| 801 | 1 |
_aRU _bELAR _2rusmarc |
|
| 852 |
_aNLR _j76-50К/852 |
||
| 942 | _cBOOK | ||
| 980 | _aNB | ||